000 00982nas a2200253Ia 4500
001 R142/77667
003 IT-RoPAU
008 151124c99999999xx |||||||||||| ||und||
040 _aIT-RoPAU
040 _cIT-RoPAU
041 _aFRANCESE
100 _aZarifian Philippe
_gCodice Aut. SPICS: 46009
210 _aRESEAUX
222 _aReseaux
245 _aRESEAUX, N.041 (MAGGIO/GIUGNO 1990)
_bHierarchisation, Reseaux Et Systemes De Decision Dans Les Grandes Entreprises Industrielles
250 _a1a ed.
260 _aPARIS
_bCNET
_c1990
501 _bPaulus - SPICS - Società San Paolo EM (non-commercial uses only)
_cCopyright2015
300 _a11 p. [93-103]
362 _aN.041 (MAGGIO/GIUGNO 1990)
500 _aGrarchizzazione, Reti e Sistemi di Decisione Nelle Grandi Imprese Industriali. Cinque Livelli di Gerarchizzazione di Un'Impresa. Rischi della Gerarchizzazione. Piramide Delle Reti.
650 _aCOMUNICAZIONE
_vPUBBLICAZIONE PERIODICA
942 _cCR
999 _c190830
_d190830